crack baby - mitski lyrics - Statistics

General Stats
  • This quiz has been taken 362 times
  • The average score is 202 of 246
Answer Stats
Answer % Correct
you
99%
baby,
98%
bridge | chorus crack
98%
i
97%
know
97%
what
97%
don't
96%
want
96%
but
95%
a
94%
it
94%
that
94%
and
89%
need
87%
back
82%
on
81%
the
79%
to
76%
your
76%
me
75%
had
74%
year
74%
it's
73%
once
73%
twenty
73%
vacation
73%
bad
72%
horses
72%
through
72%
been
71%
long,
71%
wild
71%
trying
69%
void
69%
years
69%
fill
68%
running
68%
all
67%
hard,
67%
sniffing,
67%
empty
66%
glue
66%
these
66%
bones
65%
verse 1 down
65%
summer
64%
streets
63%
hollow
59%
outro | post - chorus with
58%
watch
57%
bloom
56%
flower
56%
moon
55%
open
53%
room
51%
eyes
50%
something
50%
feel
49%
was
49%
thinking,
48%
maybe,
47%
burning
45%
blank,
44%
body
44%
saw
44%
waiting
44%
you're
44%
verse 2 went
43%
you'll
43%
needing
42%
yeah,
20%
No matching quizzes found
Score Distribution
Percent of People with Each Score
Percentile by Number Answered
Your Score History
You have not taken this quiz